Carregando...

Ini njan urangatte /

Detalhes bibliográficos
Autor principal: Balakrishnan, P.K
Formato: Printed Book
Idioma:English
Publicado em: Kottayam: D.C.Books, c2002.
Assuntos:
LEADER 00686 a2200169 4500
008 150103s9999 000 0 eng
020 |a 8126404523 
082 |a 813 
100 |a Balakrishnan, P.K. 
245 |a Ini njan urangatte / 
260 |a Kottayam:  |b D.C.Books,  |c c2002. 
300 |a 216 p. 
650 |a Malayalam fiction. 
942 |c BK 
999 |c 308223  |d 308223 
952 |0 0  |1 0  |2 ddc  |4 0  |6 813_000000000000000_BAL_IN  |7 0  |9 353745  |a DRA  |b DRA  |c ST1  |d 2017-04-24  |i 9747  |l 6  |o 813 BAL/IN  |p DRA9747  |r 2019-03-11  |s 2019-02-01  |v 175.00  |w 2017-04-24  |y BK 
952 |0 0  |1 0  |2 ddc  |4 0  |6 813_000000000000000_BAL_IN  |7 0  |9 353746  |a DRA  |b DRA  |c ST1  |d 2017-04-24  |i 9748  |l 0  |o 813 BAL/IN  |p DRA9748  |r 2019-01-03  |v 175.00  |w 2019-01-03  |y BK